00513nam a22001577a 450000500170000004100080001708200130002510000180003824501520005626000320020830000280024065000250026865000300029370000180032370000140034120260504143413.0 aENG a658bJAG aJaggi, S.P.S. aScope business book :ba treasure trove of information to help managers accelerate their learning curve /cS.P.S. Jaggi, Jacob Kurian and V. Kumar. aNew Delhi :bSCOPE ,c2014. aix, 188 pages ;c18 cm. aBusiness management. aManagerial effectiveness. aKurian, Jacob aKumar, V.